000 00460nam a22001577a 4500
005 20231129092341.0
008 231129b |||||||| |||| 00| 0 eng d
041 _aEnglish
082 _a340.06 NEG
100 _lEnglish
245 _aNegotiationand Mediation Skills for Lawyers /
_cMcQuoid-Mason, D and Salem, RA
260 _c1991
300 _b59 pages ;
_c30,4 cm.
650 _aLegal practice
_bLaw
942 _cBK
_6ALISON_BN_VRIES
999 _c1042
_d1042